000 00584nam a22002297a 4500
003 UA-OsUOA
001 104082
007 ta
008 20131204b un ||||| |||| 00| 0 ukr d
100 _aМусієнко О.
090 _a94(477).07
_bМ91
942 _cBK
040 _aUA-OsUOA
_bukr
_cUA-OsUOA
_dUA-OsUOA
245 _aУкраїнський етноцид
300 _a118 с.
955 _a5
041 _aukr
080 _a94(477).07
260 _aК.
_bРада
_c1994
650 7 _a9 Географія. Біографії. Історія
_2UDC
999 _c389550
_d389550